Guía práctica sobre IVA
Na minha lista:
| Autor principal: | |
|---|---|
| Formato: | Livro |
| Idioma: | espanhol |
| Publicado em: |
Santiago
Legal Publishing
2010
|
| Edição: | 2a. ed |
| Assuntos: | |
| Tags: |
Adicionar Tag
Sem tags, seja o primeiro a adicionar uma tag!
|
MARC
| LEADER | 00000nam a2200000 a 4500 | ||
|---|---|---|---|
| 001 | UCG5771 | ||
| 003 | CL-VaPUC | ||
| 008 | 110317e20100000CL |||||||||||||||||spa|d | ||
| 020 | |a 9789562389440 | ||
| 082 | 0 | 4 | |a 336.271 |b ARA |2 21 |
| 100 | 0 | |a Ara González, Carlos Salvador |e author |9 555603 | |
| 245 | 1 | 0 | |a Guía práctica sobre IVA |
| 250 | |a 2a. ed | ||
| 300 | |a 174 p | ||
| 942 | |c BK | ||
| 945 | |d 20110317 00:00:00 |a jcampos | ||
| 260 | |a Santiago |b Legal Publishing |c 2010 | ||
| 650 | 7 | |a IMPUESTOS TRIBUTARIOS |2 CL-VaPUC |9 501175 | |
| 650 | 0 | |a Impuesto al Valor Agregado (IVA) |9 258896 | |
| 650 | 0 | |a Derecho tributario |9 258895 | |
| 650 | 7 | |a IVA |2 CL-VaPUC |9 373996 | |
| 650 | 0 | |a Comercio |9 255341 | |
| 650 | 0 | |a Consumidores |9 315658 | |
| 583 | |a last modification |c 20120109 08:26:12 |k Rodrigo Vera | ||
| 999 | |c 344151 |d 344149 | ||
| 952 | |0 0 |1 0 |4 0 |6 336_271000000000000_ARA_2010 |7 0 |8 R |9 441975 |a BIBGIM |b BIBGIM |d 2019-11-22 |i 4755332 |o 336.271 ARA 2010 |p 4755332 |r 2025-01-15 |w 2019-11-22 |y BK_R |k GIM | ||